00512nam a22001577a 450000500170000001000150001702000260003203500140005803700130007208200110008510000230009624500990011926000460021827000660026430000240033020220729113327.0 aENG-134087 a9780199464753c995.00 aEN-117619 bDBAD/PUB a954.14 aSengoopta, Chandak aThe rays before Satyajit :cby Chandak Sengooptabcreativity and modernity in colonial India / c2016 aNew DelhibOxford University Press aYMCA Library Building, 1, Jai Singh Road, bNew Delhie110001 c22cm (hb)axi;418p.